Constitutional documents of the Puritan revolution 1625-1660 / (Record no. 184590)
[ view plain ]
| 000 -LEADER | |
|---|---|
| fixed length control field | 00801 a2200169 4500 |
| 003 - CONTROL NUMBER IDENTIFIER | |
| control field | Nust |
| 005 - DATE AND TIME OF LATEST TRANSACTION | |
| control field | 20230308191240.0 |
| 040 ## - CATALOGING SOURCE | |
| Transcribing agency | Nust |
| 082 ## - DEWEY DECIMAL CLASSIFICATION NUMBER | |
| Classification number | 342.42,GAR |
| 100 ## - MAIN ENTRY--PERSONAL NAME | |
| Personal name | Gardiner |
| 9 (RLIN) | 110035 |
| 245 ## - TITLE STATEMENT | |
| Title | Constitutional documents of the Puritan revolution 1625-1660 / |
| Statement of responsibility, etc. | Gardiner |
| 250 ## - EDITION STATEMENT | |
| Edition statement | 3rd ed. |
| 260 ## - PUBLICATION, DISTRIBUTION, ETC. | |
| Place of publication, distribution, etc. | London |
| 505 ## - FORMATTED CONTENTS NOTE | |
| Formatted contents note | From The Accession Of Charles I To The Meeting Of The Third Parliament (Page-1), From The Meeting Of The Third Parliament Of Charles I To The Meeting Of The Long Parliament (Page-65), From The Meeting Of The Long Parliament To The Outbreak Of Civil War (Page-137), From The Outbreak Of The Civil War To The Execution Of The King (Page-262), The Commonwealth And Protectorate (Page-381). |
| 650 ## - SUBJECT ADDED ENTRY--TOPICAL TERM | |
| Topical term or geographic name entry element | Puritan revolution documents |
| 9 (RLIN) | 110036 |
| 942 ## - ADDED ENTRY ELEMENTS (KOHA) | |
| Source of classification or shelving scheme | |
| Koha item type | Book |
| Withdrawn status | Lost status | Source of classification or shelving scheme | Damaged status | Not for loan | Permanent Location | Current Location | Shelving location | Date acquired | Full call number | Barcode | Date last seen | Price effective from | Koha item type | Public note |
|---|---|---|---|---|---|---|---|---|---|---|---|---|---|---|
| Military College of Signals (MCS) | Military College of Signals (MCS) | General Stacks | 12/12/2016 | 342.42,GAR | MCS29413 | 12/08/2016 | 12/12/2016 | Book | Almirah No.73, Shelf No.6 |
